00481nam a22001457a 450000500170000000800410001702000260005804100130008408200130009710000270011024500820013726000570021930000340027665000250031020240118071911.0240118b |||||||| |||| 00| 0 eng d a409003301 ; 409003344 aEnglish  a349 JOU  aJoubert, WA lEnglish  aThe Law of South Africa : Building Contracts to Conflict Laws / cWA Joubert  aDurban : bButterworth and Company (Pty) Ltd, c1977 bviii, 462 pages ; c26,3 cm.  aLegal practicebLaw